00610nam a2200169Ia 4500008004100000020001500041041000800056082001600064100002400080245009900104250000600203260004400209300001700253650003300270999001900303952011800322210716s2006 xx 000 0 und d a8120329627 aeng a004.22 STAW aStallings, William. aComputer organization and architecture: designing for performance.bDesigning for performance. a4 aNew DelhibPrentice Hall of Indiac2006 axiv,682/2000 aComputer Arch., Org.(004.22) c181487d181487 001040708MCAaAIMITbAIMITd2021-07-16eDonatedl0o004.22 STAWpMCA00995r2025-07-21 00:00:00w2021-07-16yBK